| 000 | 01528nam a22003257a 4500 | ||
|---|---|---|---|
| 005 | 20240530110339.0 | ||
| 008 | 141030s2011 le gr 001 0dara d | ||
| 020 | _a9789953823904 | ||
| 040 | _aEG-CaGPL | ||
| 082 | 0 | 4 |
_221 _a410\ _bم آ |
| 100 | 0 | _aابراهيم ابو هشهش | |
| 245 | 1 | 0 |
_aافاق اللسانيات : _bدراسات - مراجعات - شهادات تكريما للاستاذ الدكتور نهاد الموسى / _cابراهيم ابو هشهش ... [ واخ. ] ؛ اشراف وتحرير هيثم سرحان |
| 260 |
_aبيروت : _bمركز دراسات الوحدة العربية ، _c2011 |
||
| 300 |
_a560 ص ؛ _c24 سم |
||
| 650 | 0 | 4 |
_aاللغة العربية _xالاشتقاق |
| 650 | 0 | 4 |
_aاللغة العربية _xالمترادفات والاضواء |
| 650 | 0 | 4 |
_aاللغة العربية _xقواعد الاملاء والهجاء |
| 650 | 0 | 4 |
_aاللغة العربية _xتاريخ |
| 650 | 0 | 4 |
_aاللغة العربية _xالعروض والقوافى |
| 650 | 0 | 4 |
_aاللغة _xعلم |
| 650 | 0 | 4 | _aالاصوات اللغوية |
| 650 | 0 | 4 |
_aاللغة العربية _xالنحو |
| 650 | 0 | 4 |
_aالغة العربة _vالمعاجم |
| 700 |
_aحيدر سعيد _eمؤلف مشارك |
||
| 700 |
_aعودة ابوعودة _eمؤلف مشارك |
||
| 700 |
_aمحمد شاهين _eمؤلف مشارك |
||
| 700 |
_aهيثم سرحان _eمشرف ومحرر |
||
| 942 |
_2ddc _cBK |
||
| 999 |
_c59854 _d59854 |
||